[Event "Tradewise Gibraltar Masters 14th"]
[Site "Gibraltar"]
[Date "2016.01.30"]
[Round "5.61"]
[White "Carlsson, Pontus"]
[Black "Gavilan Diaz, Mario"]
[Result "1-0"]
[WhiteElo "2430"]
[BlackElo "2261"]
[PlyCount "55"]
[EventDate "2016.01.26"]
[EventType "swiss"]
[EventRounds "10"]
[EventCountry "GGB"]
[Source "www.saund.co.uk"]
[SourceDate "2005.02.07"]

1. e4 c5 2. Nf3 d6 3. d4 cxd4 4. Nxd4 Nf6 5. Nc3 a6 6. Bg5 e6 7. f4 Be7 8. Qf3
Qa5 9. O-O-O Bd7 10. e5 dxe5 11. fxe5 Nc6 12. Nxc6 Bxc6 13. Qg3 Nh5 14. Qh4
Bxg5+ 15. Qxg5 g6 16. h4 b5 17. Bd3 Rc8 18. Kb1 O-O 19. g4 Ng3 20. Rh3 b4 21.
h5 Qd8 22. Qh6 Qe7 23. hxg6 fxg6 24. Bxg6 Rc7 25. Rxg3 bxc3 26. Rxc3 Bf3 27.
Rxf3 Rxf3 28. Bxh7+ 1-0

[Event "Tradewise Gibraltar Masters 14th"]
[Site "Gibraltar"]
[Date "2016.01.30"]
[Round "5.62"]
[White "Pratyusha, Bodda"]
[Black "Santos Ruiz, Miguel"]
[Result "0-1"]
[WhiteElo "2278"]
[BlackElo "2427"]
[PlyCount "52"]
[EventDate "2016.01.26"]
[EventType "swiss"]
[EventRounds "10"]
[EventCountry "GGB"]
[Source "www.saund.co.uk"]
[SourceDate "2005.02.07"]

1. d4 e6 2. c4 Nf6 3. Nc3 Bb4 4. Qc2 d5 5. cxd5 exd5 6. Bg5 h6 7. Bh4 Nc6 8. e3
g5 9. Bg3 h5 10. h3 Ne4 11. Bh2 Qe7 12. Bb5 Bd7 13. Nge2 O-O-O 14. Qa4 a6 15.
Bxc6 Bxc6 16. Qc2 Bb5 17. Rc1 Rh6 18. a3 Bxc3+ 19. Nxc3 Rc6 20. Qb3 Nxf2 21.
Kxf2 Rf6+ 22. Bf4 gxf4 23. e4 dxe4 24. Nd5 e3+ 25. Ke1 Qe4 26. Qc2 Rc6 0-1

[Event "Tradewise Gibraltar Masters 14th"]
[Site "Gibraltar"]
[Date "2016.01.30"]
[Round "5.63"]
[White "Neef, Maximilian"]
[Black "Weisbuch, Udi"]
[Result "1-0"]
[WhiteElo "2423"]
[BlackElo "2254"]
[PlyCount "241"]
[EventDate "2016.01.26"]
[EventType "swiss"]
[EventRounds "10"]
[EventCountry "GGB"]
[Source "www.saund.co.uk"]
[SourceDate "2005.02.07"]

1. Nf3 Nf6 2. c4 g6 3. b3 Bg7 4. Bb2 O-O 5. g3 c6 6. Bg2 d5 7. O-O b6 8. d4
Nbd7 9. Nbd2 Bb7 10. e3 e6 11. Qe2 Qc7 12. Rac1 Rac8 13. cxd5 exd5 14. Rc2 Rfe8
15. Rfc1 Bf8 16. Ne5 Nb8 17. Bh3 Rcd8 18. Qf3 Qe7 19. b4 Ne4 20. Nxe4 dxe4 21.
Qf4 g5 22. Qg4 f6 23. Nc4 Qf7 24. Bf1 Bc8 25. Qd1 Bxb4 26. a3 Bf8 27. Nd2 Kh8
28. Bg2 Qg6 29. a4 Bd7 30. Qe2 Bc8 31. a5 Ba6 32. Qd1 Bd3 33. axb6 Bxc2 34.
Qxc2 axb6 35. Bxe4 Qf7 36. Nc4 b5 37. Na5 Qe7 38. Nxc6 Nxc6 39. Bxc6 Rc8 40.
Qf5 Qe6 41. Qxb5 Rb8 42. Qe2 Red8 43. d5 Qf7 44. Bd4 Rb4 45. Qd3 Bd6 46. Bc3
Rbb8 47. Qf5 Be7 48. Qxg5 Rb3 49. Qf5 Kg7 50. Bd4 Qg6 51. Qxg6+ hxg6 52. Ra1
Ba3 53. Ba4 Rd3 54. Bb5 Rxd4 55. exd4 Bb2 56. Ra7+ Kh6 57. Bd7 Bxd4 58. Rb7 Ra8
59. Rb4 Bc5 60. Rc4 Bb6 61. Ba4 Rd8 62. Bc6 Bc7 63. Re4 Bd6 64. Kg2 Kg7 65. Ra4
f5 66. Ra2 g5 67. Re2 Rf8 68. Bd7 f4 69. Bg4 fxg3 70. hxg3 Bc5 71. Rc2 Bd6 72.
Rc6 Rd8 73. Kf3 Kf6 74. Ke4 Re8+ 75. Be6 Rd8 76. Kd4 Bf8 77. Rc7 Bb4 78. Rf7+
Kg6 79. Kc4 Ba3 80. Kb5 Rd6 81. Rf3 Bb2 82. Kc5 Ra6 83. Kb5 Rd6 84. Kc4 Bf6 85.
Rb3 Be5 86. Kc5 Rd8 87. Rf3 Bb8 88. Kc6 Rd6+ 89. Kb7 Rd8 90. Rf5 Bd6 91. Rf7
Bb8 92. f4 gxf4 93. gxf4 Bd6 94. f5+ Kg5 95. Kc6 Kf4 96. Bd7 Ke5 97. Rh7 Bb4
98. Rh6 Rf8 99. Be6 Ba3 100. Rh1 Rd8 101. Re1+ Kf6 102. Bd7 Ra8 103. Ra1 Ra6+
104. Kb7 Ra5 105. Be6 Ke7 106. Rh1 Rb5+ 107. Kc6 Rc5+ 108. Kb6 Rc3 109. Rh7+
Kf6 110. Rh6+ Ke5 111. f6 Bf8 112. Rg6 Rf3 113. f7 Rb3+ 114. Kc6 Ra3 115. Rg8
Ra8 116. Kb7 Rd8 117. Kc7 Ra8 118. Bc8 Bd6+ 119. Kc6 Ra5 120. Re8+ Kf6 121.
Kxd6 1-0

[Event "Tradewise Gibraltar Masters 14th"]
[Site "Gibraltar"]
[Date "2016.01.30"]
[Round "5.64"]
[White "Santiago, Yago De Moura"]
[Black "Heinemann, Josefine"]
[Result "1-0"]
[WhiteElo "2422"]
[BlackElo "2233"]
[PlyCount "43"]
[EventDate "2016.01.26"]
[EventType "swiss"]
[EventRounds "10"]
[EventCountry "GGB"]
[Source "www.saund.co.uk"]
[SourceDate "2005.02.07"]

1. d4 Nf6 2. Nf3 g6 3. Bg5 Bg7 4. Nbd2 d5 5. c3 Nbd7 6. e3 O-O 7. Be2 c5 8. O-O
b6 9. a4 Bb7 10. a5 Re8 11. a6 Bc6 12. Bf4 Nh5 13. h3 Nxf4 14. exf4 f6 15. c4
e5 16. cxd5 Bxd5 17. dxe5 fxe5 18. Nc4 Bf7 19. Nd6 exf4 20. Nxf7 Kxf7 21. Bc4+
Kf8 22. Qd5 1-0

[Event "Tradewise Gibraltar Masters 14th"]
[Site "Gibraltar"]
[Date "2016.01.30"]
[Round "5.65"]
[White "Ben Artzi, Ido"]
[Black "Midonet, Mathieu"]
[Result "1-0"]
[WhiteElo "2418"]
[BlackElo "2211"]
[PlyCount "85"]
[EventDate "2016.01.26"]
[EventType "swiss"]
[EventRounds "10"]
[EventCountry "GGB"]
[Source "www.saund.co.uk"]
[SourceDate "2005.02.07"]

1. d4 Nf6 2. c4 c5 3. d5 e6 4. Nc3 exd5 5. cxd5 d6 6. Nf3 g6 7. Bf4 a6 8. a4
Bg7 9. h3 O-O 10. e3 Re8 11. Nd2 Bf5 12. Be2 Ne4 13. Ndxe4 Bxe4 14. O-O g5 15.
Bg3 Bg6 16. a5 Qe7 17. Qb3 Qc7 18. Qb6 Qxb6 19. axb6 Be5 20. Bxe5 Rxe5 21. Nb5
Nd7 22. Nxd6 Nxb6 23. Nxb7 Rxd5 24. Bf3 Re5 25. Rfc1 c4 26. Nd6 Rd8 27. Nxc4
Nxc4 28. Rxc4 Rb5 29. b4 Bd3 30. Rc3 Bg6 31. Rc5 Rxb4 32. Rxg5 Rd2 33. Rxa6
Rb1+ 34. Kh2 Rxf2 35. h4 Kf8 36. h5 Bd3 37. Ra8+ Ke7 38. Ra7+ Kf6 39. Rg4 Rb5
40. e4 Rxf3 41. gxf3 Rxh5+ 42. Kg3 Ke6 43. Rg7 1-0

[Event "Tradewise Gibraltar Masters 14th"]
[Site "Gibraltar"]
[Date "2016.01.30"]
[Round "5.66"]
[White "Perez Garcia, Alejandro"]
[Black "Holm, Kristian Stuvik"]
[Result "1/2-1/2"]
[WhiteElo "2273"]
[BlackElo "2417"]
[PlyCount "58"]
[EventDate "2016.01.26"]
[EventType "swiss"]
[EventRounds "10"]
[EventCountry "GGB"]
[Source "www.saund.co.uk"]
[SourceDate "2005.02.07"]

1. d4 Nf6 2. c4 e6 3. g3 d5 4. Nf3 Bb4+ 5. Bd2 Bd6 6. Bg2 O-O 7. O-O c6 8. Nc3
Nbd7 9. e4 dxe4 10. Ng5 Be7 11. Ncxe4 Nxe4 12. Nxe4 e5 13. d5 cxd5 14. cxd5 Nf6
15. d6 Bxd6 16. Nxd6 Qxd6 17. Bc3 Qc5 18. Re1 Re8 19. Rc1 Bg4 20. Qb3 Be6 21.
Qxb7 Rac8 22. b4 Qc4 23. Rxe5 Qxa2 24. Qf3 Qa3 25. Ree1 Nd5 26. Bd2 Qb2 27. Qd1
Nb6 28. Be3 h6 29. Qd4 Qxd4 1/2-1/2

[Event "Tradewise Gibraltar Masters 14th"]
[Site "Gibraltar"]
[Date "2016.01.30"]
[Round "5.67"]
[White "Docx, Stefan"]
[Black "House, Glenn L"]
[Result "1-0"]
[WhiteElo "2416"]
[BlackElo "2226"]
[PlyCount "63"]
[EventDate "2016.01.26"]
[EventType "swiss"]
[EventRounds "10"]
[EventCountry "GGB"]
[Source "www.saund.co.uk"]
[SourceDate "2005.02.07"]

1. e4 c5 2. Nf3 e6 3. g3 Nc6 4. Bg2 Nf6 5. Qe2 d5 6. exd5 Nxd5 7. O-O Be7 8.
Rd1 Bf6 9. Nc3 O-O 10. Ne4 b6 11. c4 Ndb4 12. Nxf6+ Qxf6 13. d4 cxd4 14. a3 Na6
15. Bg5 Qg6 16. b4 Bb7 17. b5 Na5 18. bxa6 Bxf3 19. Bxf3 Qxg5 20. Bxa8 Rxa8 21.
Rxd4 g6 22. Qf3 Rf8 23. Rad1 Qc5 24. Rd8 Nc6 25. Rxf8+ Kxf8 26. Qf6 Ke8 27.
Qh8+ Ke7 28. Qc8 Nd4 29. Qb8 Qxc4 30. Qxa7+ Kf6 31. Rxd4 Qxd4 32. Qb7 1-0

[Event "Tradewise Gibraltar Masters 14th"]
[Site "Gibraltar"]
[Date "2016.01.30"]
[Round "5.68"]
[White "Guthrie, David"]
[Black "Teran Alvarez, Ismael"]
[Result "1/2-1/2"]
[WhiteElo "2187"]
[BlackElo "2416"]
[PlyCount "83"]
[EventDate "2016.01.26"]
[EventType "swiss"]
[EventRounds "10"]
[EventCountry "GGB"]
[Source "www.saund.co.uk"]
[SourceDate "2005.02.07"]

1. d4 f5 2. g3 Nf6 3. Bg2 e6 4. Nf3 d5 5. O-O Bd6 6. c4 c6 7. Nc3 O-O 8. Qc2
Qe7 9. Rb1 Bd7 10. c5 Bc7 11. b4 Ne4 12. Bf4 Be8 13. e3 Bh5 14. Nd2 e5 15. Bxe5
Bxe5 16. dxe5 Qxe5 17. Rbc1 Qe7 18. f3 Nxd2 19. Qxd2 a5 20. a3 Na6 21. Ne2 axb4
22. axb4 Rfe8 23. Nf4 Bf7 24. Rfe1 Nc7 25. e4 dxe4 26. fxe4 fxe4 27. Rxe4 Qf6
28. Rxe8+ Nxe8 29. Qd7 Ra1 30. Rd1 Qc3 31. Rxa1 Qxa1+ 32. Bf1 h6 33. b5 Qc1 34.
Nd3 Qe3+ 35. Nf2 cxb5 36. Qxb7 Qxc5 37. Qxb5 Qc1 38. Qe5 Nf6 39. Nd3 Qb1 40.
Qe1 Qb6+ 41. Qf2 Qa5 42. Qc5 1/2-1/2

[Event "Tradewise Gibraltar Masters 14th"]
[Site "Gibraltar"]
[Date "2016.01.30"]
[Round "5.69"]
[White "Csonka, Balazs"]
[Black "Walton, Alan J"]
[Result "1/2-1/2"]
[WhiteElo "2415"]
[BlackElo "2206"]
[PlyCount "69"]
[EventDate "2016.01.26"]
[EventType "swiss"]
[EventRounds "10"]
[EventCountry "GGB"]
[Source "www.saund.co.uk"]
[SourceDate "2005.02.07"]

1. Nf3 f5 2. d3 Nf6 3. e4 e6 4. e5 Nd5 5. d4 b6 6. g3 Ba6 7. Nh4 g6 8. Bxa6
Nxa6 9. c4 Ne7 10. Bg5 Bg7 11. Nc3 Kf7 12. Qa4 Qc8 13. Bxe7 Kxe7 14. f4 c6 15.
O-O Kf7 16. b4 Nc7 17. Nf3 h6 18. d5 cxd5 19. cxd5 b5 20. Nxb5 Nxb5 21. Qxb5
Rb8 22. Qa5 Qc3 23. Rac1 Qe3+ 24. Kg2 Rhc8 25. dxe6+ dxe6 26. Rc7+ Kg8 27. Re1
Qd3 28. Qxa7 Bf8 29. a3 Ra8 30. Qb6 Rxc7 31. Qxc7 Rxa3 32. Rf1 Bxb4 33. Rf2 Qd5
34. Qc8+ Bf8 35. h4 1/2-1/2

[Event "Tradewise Gibraltar Masters 14th"]
[Site "Gibraltar"]
[Date "2016.01.30"]
[Round "5.70"]
[White "Rydl, Jiri"]
[Black "Pinho, Paulo"]
[Result "1-0"]
[WhiteElo "2412"]
[BlackElo "2197"]
[PlyCount "57"]
[EventDate "2016.01.26"]
[EventType "swiss"]
[EventRounds "10"]
[EventCountry "GGB"]
[Source "www.saund.co.uk"]
[SourceDate "2005.02.07"]

1. c4 b6 2. Nc3 Bb7 3. d4 e6 4. a3 Nf6 5. Nf3 Be7 6. g3 d5 7. cxd5 Nxd5 8. Bg2
c5 9. O-O cxd4 10. Nb5 O-O 11. Nbxd4 Nd7 12. b4 Nc3 13. Qd3 Rc8 14. Ng5 Bxg5
15. Bxg5 Ne5 16. Bxd8 Nxd3 17. Bg5 Bxg2 18. Kxg2 Nb2 19. Rfc1 h6 20. Bd2 Nba4
21. Rc2 Ne4 22. Be1 Rxc2 23. Nxc2 Rc8 24. Nd4 a6 25. b5 axb5 26. f3 Nec3 27.
Rc1 Rc4 28. Nxb5 Nxb5 29. Rxc4 1-0

[Event "Tradewise Gibraltar Masters 14th"]
[Site "Gibraltar"]
[Date "2016.01.30"]
[Round "5.71"]
[White "Vogt, Lothar"]
[Black "Baert, Andy"]
[Result "1/2-1/2"]
[WhiteElo "2409"]
[BlackElo "2184"]
[PlyCount "77"]
[EventDate "2016.01.26"]
[EventType "swiss"]
[EventRounds "10"]
[EventCountry "GGB"]
[Source "www.saund.co.uk"]
[SourceDate "2005.02.07"]

1. e4 c5 2. c3 d5 3. exd5 Qxd5 4. d4 Nf6 5. Nf3 e6 6. Be3 Be7 7. Bd3 O-O 8. O-O
b6 9. Qe2 Bb7 10. Rd1 Qh5 11. Ne5 Qxe2 12. Bxe2 cxd4 13. Bxd4 Nc6 14. Nxc6 Bxc6
15. Nd2 Rfd8 16. Nc4 Rac8 17. a4 Nd7 18. b4 Bd5 19. Ne3 Bb7 20. f4 Bf6 21. Bxf6
gxf6 22. c4 a5 23. c5 axb4 24. cxb6 Nxb6 25. Rxd8+ Rxd8 26. a5 Nd5 27. Bf3 Ba8
28. Nxd5 Bxd5 29. Bxd5 Rxd5 30. Kf2 b3 31. a6 b2 32. Rb1 Ra5 33. Rxb2 Rxa6 34.
Rb5 f5 35. h3 Ra3 36. g4 fxg4 37. hxg4 Kg7 38. Rg5+ Kf6 39. Rh5 1/2-1/2

[Event "Tradewise Gibraltar Masters 14th"]
[Site "Gibraltar"]
[Date "2016.01.30"]
[Round "5.72"]
[White "Houska, Jovanka"]
[Black "Byron, Alan M"]
[Result "0-1"]
[WhiteElo "2402"]
[BlackElo "2175"]
[PlyCount "72"]
[EventDate "2016.01.26"]
[EventType "swiss"]
[EventRounds "10"]
[EventCountry "GGB"]
[Source "www.saund.co.uk"]
[SourceDate "2005.02.07"]

1. d4 Nf6 2. Nf3 g6 3. c4 Bg7 4. g3 O-O 5. Bg2 d6 6. O-O Na6 7. b3 c5 8. Bb2
Rb8 9. dxc5 Nxc5 10. Nc3 a6 11. Nd4 h5 12. h3 Bd7 13. Rc1 Re8 14. e3 e5 15.
Nde2 Bf5 16. Ba1 b5 17. cxb5 axb5 18. b4 Nd3 19. Rb1 d5 20. Nxd5 Nxd5 21. e4
N5xb4 22. exf5 gxf5 23. Nc3 h4 24. a3 Na6 25. Bd5 Nac5 26. Qh5 Qf6 27. Rxb5
Rxb5 28. Nxb5 Rd8 29. Nc3 Kf8 30. Ba2 Qg6 31. Qxh4 Rd4 32. Ne4 Nxe4 33. Bxd4
Bf6 34. Qxe4 fxe4 35. Be3 Bg5 36. Re1 Nxe1 0-1

[Event "Tradewise Gibraltar Masters 14th"]
[Site "Gibraltar"]
[Date "2016.01.30"]
[Round "5.73"]
[White "Solomon, Kenny"]
[Black "Ranaivoharisoa, Alain"]
[Result "1-0"]
[WhiteElo "2390"]
[BlackElo "2160"]
[PlyCount "87"]
[EventDate "2016.01.26"]
[EventType "swiss"]
[EventRounds "10"]
[EventCountry "GGB"]
[Source "www.saund.co.uk"]
[SourceDate "2005.02.07"]

1. d4 d5 2. Nf3 Nf6 3. c4 c6 4. e3 e6 5. b3 Bd6 6. Bd3 Nbd7 7. Bb2 Qe7 8. Ne5
Nxe5 9. dxe5 Bb4+ 10. Nd2 Nd7 11. O-O O-O 12. Qc2 h6 13. Rad1 f6 14. exf6 Nxf6
15. Nf3 Bd7 16. Ne5 Be8 17. h3 Rd8 18. Qe2 Bd6 19. Bb1 Bf7 20. Qc2 Rfe8 21. Ng4
Nh5 22. Nxh6+ Kf8 23. Qh7 Qg5 24. Nxf7 Kxf7 25. f4 Qh6 26. Qxh6 gxh6 27. Kh2
Rg8 28. g4 Nf6 29. Kg2 Ke7 30. Kf3 Rdf8 31. Ke2 a6 32. Bd4 Bb4 33. Rg1 b5 34.
cxd5 exd5 35. Rc1 Rc8 36. Bf5 Nd7 37. Bb2 Rc7 38. h4 c5 39. g5 hxg5 40. hxg5 c4
41. Rh1 a5 42. Bd4 Bd6 43. Rh7+ Kd8 44. Rch1 1-0

[Event "Tradewise Gibraltar Masters 14th"]
[Site "Gibraltar"]
[Date "2016.01.30"]
[Round "5.74"]
[White "Galinsky, Timofey"]
[Black "Spence, David J"]
[Result "1-0"]
[WhiteElo "2379"]
[BlackElo "2140"]
[PlyCount "85"]
[EventDate "2016.01.26"]
[EventType "swiss"]
[EventRounds "10"]
[EventCountry "GGB"]
[Source "www.saund.co.uk"]
[SourceDate "2005.02.07"]

1. d4 e6 2. f4 Nf6 3. Nf3 c5 4. e3 cxd4 5. exd4 b6 6. Bd3 Ba6 7. O-O Bxd3 8.
Qxd3 g6 9. Nc3 Nc6 10. a3 Ne7 11. a4 Bg7 12. b3 O-O 13. Ba3 a6 14. Ne2 Re8 15.
c4 d6 16. Rac1 Qb8 17. Nc3 Ra7 18. Rfd1 Bh6 19. g3 Bg7 20. Rc2 Nf5 21. Re2 h5
22. Rde1 Ne7 23. d5 exd5 24. Nxd5 Nexd5 25. Rxe8+ Nxe8 26. Qxd5 Rd7 27. Qc6 Nf6
28. Bb2 Qd8 29. Bd4 Re7 30. Rd1 Re2 31. Bxb6 Qe7 32. Qxd6 Qb7 33. Rf1 Ne8 34.
Qc5 Bf8 35. Qa5 h4 36. Nxh4 Rb2 37. Bd4 Re2 38. Qc3 Qe4 39. Bf2 Bg7 40. Qf3 Qe7
41. f5 g5 42. f6 Bxf6 43. Nf5 1-0

[Event "Tradewise Gibraltar Masters 14th"]
[Site "Gibraltar"]
[Date "2016.01.30"]
[Round "5.75"]
[White "Hommerson, Paul"]
[Black "Gulamali, Kazim"]
[Result "0-1"]
[WhiteElo "2240"]
[BlackElo "2379"]
[PlyCount "94"]
[EventDate "2016.01.26"]
[EventType "swiss"]
[EventRounds "10"]
[EventCountry "GGB"]
[Source "www.saund.co.uk"]
[SourceDate "2005.02.07"]

1. e4 e5 2. Nf3 Nc6 3. Bb5 a6 4. Ba4 Nf6 5. O-O Be7 6. d3 b5 7. Bb3 O-O 8. Nc3
d6 9. a3 Be6 10. Nd5 Na5 11. Nxf6+ Bxf6 12. Bxe6 fxe6 13. b4 Nc6 14. Be3 Nd4
15. Nd2 a5 16. c3 Nc6 17. Qb3 Qd7 18. Rfb1 a4 19. Qc2 d5 20. f3 d4 21. Bf2 dxc3
22. Qxc3 Rfd8 23. Nf1 Ra6 24. Rd1 Nd4 25. Bxd4 exd4 26. Qd2 e5 27. Rac1 Be7 28.
Ng3 Rc8 29. Nf5 Bf8 30. Rc2 h5 31. Qg5 g6 32. Ng3 Qe7 33. Qc1 c5 34. bxc5 Rac6
35. Qb2 Rxc5 36. Rxc5 Qxc5 37. Qa2+ Kg7 38. Qe6 Rc6 39. Qd7+ Kh6 40. Ne2 Qd6
41. Qe8 Rc2 42. Ng3 Rc5 43. h3 Qe7 44. Qb8 Bg7 45. Kh2 Kh7 46. Rb1 Rc2 47. Rb4
Qg5 0-1

[Event "Tradewise Gibraltar Masters 14th"]
[Site "Gibraltar"]
[Date "2016.01.30"]
[Round "5.76"]
[White "Paehtz, Thomas"]
[Black "Veltkamp, Gerben"]
[Result "1-0"]
[WhiteElo "2372"]
[BlackElo "2135"]
[PlyCount "117"]
[EventDate "2016.01.26"]
[EventType "swiss"]
[EventRounds "10"]
[EventCountry "GGB"]
[Source "www.saund.co.uk"]
[SourceDate "2005.02.07"]

1. e4 e5 2. Bc4 Nf6 3. d3 Nc6 4. Nf3 Be7 5. O-O O-O 6. Re1 d6 7. a4 Kh8 8. c3
Ng8 9. d4 f5 10. dxe5 fxe4 11. Rxe4 Bf5 12. Re1 Bg4 13. Be2 Qe8 14. Nd4 dxe5
15. Nxc6 Bxe2 16. Qxe2 Qxc6 17. Qb5 Bc5 18. Be3 Bxe3 19. Rxe3 Rad8 20. Na3 Rd2
21. Qxc6 bxc6 22. Nc4 Rdxf2 23. Rxe5 R2f4 24. Rc5 Ne7 25. Re1 g6 26. g3 R4f7
27. Re2 Kg7 28. Kg2 Rd8 29. Ra5 Nc8 30. Ne5 Re7 31. Rf2 Rd6 32. h4 Rde6 33. Nf3
Rd6 34. Nd4 Re1 35. Nf3 Re3 36. Re5 Rdd3 37. Rxe3 Rxe3 38. Rd2 Nd6 39. Nd4 Ne4
40. Re2 Rxe2+ 41. Nxe2 a5 42. Nd4 Nc5 43. b3 g5 44. h5 g4 45. Kf2 Kh6 46. Ke3
Kxh5 47. Kf4 Kg6 48. Kxg4 h5+ 49. Kh4 Kh6 50. g4 hxg4 51. Kxg4 Kg6 52. Kf4 Kf6
53. Ke3 Kf7 54. Kd2 Ke8 55. Kc2 Kd7 56. Nf3 Kd6 57. Nd2 Kd5 58. Kd1 Nd3 59. Nc4
1-0

[Event "Tradewise Gibraltar Masters 14th"]
[Site "Gibraltar"]
[Date "2016.01.30"]
[Round "5.77"]
[White "Semprun Martinez, Fernando"]
[Black "Herman, Matthew J"]
[Result "0-1"]
[WhiteElo "2178"]
[BlackElo "2370"]
[PlyCount "62"]
[EventDate "2016.01.26"]
[EventType "swiss"]
[EventRounds "10"]
[EventCountry "GGB"]
[Source "www.saund.co.uk"]
[SourceDate "2005.02.07"]

1. e4 e6 2. d4 d5 3. Nc3 Nf6 4. e5 Nfd7 5. f4 c5 6. Nf3 Nc6 7. Be3 Be7 8. Qd2
a6 9. Be2 b5 10. a3 c4 11. f5 Nf8 12. fxe6 Nxe6 13. O-O Ra7 14. Ne1 Rd7 15. Bg4
Nxe5 16. Bxe6 fxe6 17. dxe5 d4 18. Nf3 dxe3 19. Qxe3 O-O 20. Rad1 Bb7 21. Rxd7
Qxd7 22. Rd1 Qc6 23. Qe2 Bc5+ 24. Kf1 a5 25. Ke1 b4 26. axb4 axb4 27. Nb1 c3
28. bxc3 bxc3 29. Qd3 Ba6 30. Qxc3 Qe4+ 31. Kd2 Bb4 0-1

[Event "Tradewise Gibraltar Masters 14th"]
[Site "Gibraltar"]
[Date "2016.01.30"]
[Round "5.78"]
[White "Quillan, Gary"]
[Black "Boado Rodriguez, Martin"]
[Result "1-0"]
[WhiteElo "2369"]
[BlackElo "2121"]
[PlyCount "49"]
[EventDate "2016.01.26"]
[EventType "swiss"]
[EventRounds "10"]
[EventCountry "GGB"]
[Source "www.saund.co.uk"]
[SourceDate "2005.02.07"]

1. e4 Nf6 2. e5 Nd5 3. d4 d6 4. Nf3 g6 5. Bc4 Nb6 6. Bb3 Bg7 7. Qe2 Nc6 8. O-O
e6 9. c3 dxe5 10. dxe5 h6 11. Bf4 Bd7 12. a4 a5 13. Nbd2 Nd5 14. Bg3 Qe7 15.
Rab1 Nb8 16. Rfe1 Na6 17. Ne4 O-O-O 18. Bc2 Nc5 19. Nd6+ cxd6 20. exd6 Qe8 21.
Qc4 b6 22. b4 Bxa4 23. bxc5 b5 24. Bxa4 bxc4 25. d7+ 1-0

[Event "Tradewise Gibraltar Masters 14th"]
[Site "Gibraltar"]
[Date "2016.01.30"]
[Round "5.79"]
[White "Bitensky, Igor"]
[Black "Compton, Alistair"]
[Result "1-0"]
[WhiteElo "2362"]
[BlackElo "2094"]
[PlyCount "95"]
[EventDate "2016.01.26"]
[EventType "swiss"]
[EventRounds "10"]
[EventCountry "GGB"]
[Source "www.saund.co.uk"]
[SourceDate "2005.02.07"]

1. b3 d5 2. Bb2 Nf6 3. e3 Nc6 4. Bb5 Bd7 5. Nf3 a6 6. Bxc6 Bxc6 7. d3 Bd7 8.
Nbd2 Bg4 9. h3 Bh5 10. g4 Bg6 11. Ne5 Nd7 12. Nxd7 Qxd7 13. f4 f6 14. Qe2 O-O-O
15. O-O-O e6 16. h4 h6 17. e4 Bb4 18. e5 d4 19. a3 Bc3 20. Bxc3 dxc3 21. Nb1
Qd4 22. Rdf1 Rd5 23. exf6 gxf6 24. Qxe6+ Kb8 25. Qe1 Rc5 26. Qf2 Qd6 27. f5 Bf7
28. Rh3 Re8 29. d4 Rd5 30. Rxc3 Rxd4 31. Qg3 Re5 32. Kb2 Qe7 33. a4 Ree4 34. g5
fxg5 35. hxg5 Rg4 36. f6 Qd7 37. Qe5 hxg5 38. Rh1 Rh4 39. Re1 g4 40. Rxc7 Qxc7
41. Qxd4 Bg6 42. Na3 Qa5 43. Re7 Qf5 44. Qb6 Qd5 45. f7 Bxf7 46. Qc7+ Ka7 47.
Rxf7 g3 48. Nb5+ 1-0

[Event "Tradewise Gibraltar Masters 14th"]
[Site "Gibraltar"]
[Date "2016.01.30"]
[Round "5.80"]
[White "Hill, Alistair"]
[Black "Kavutskiy, Konstantin"]
[Result "0-1"]
[WhiteElo "2167"]
[BlackElo "2360"]
[PlyCount "122"]
[EventDate "2016.01.26"]
[EventType "swiss"]
[EventRounds "10"]
[EventCountry "GGB"]
[Source "www.saund.co.uk"]
[SourceDate "2005.02.07"]

1. d4 Nf6 2. c4 g6 3. Nc3 Bg7 4. e4 d6 5. Nf3 O-O 6. Be2 e5 7. O-O Na6 8. Be3
c6 9. h3 Qe7 10. d5 c5 11. Ne1 Ne8 12. Nd3 f5 13. a3 f4 14. Bd2 h5 15. b4 b6
16. Kh2 Nf6 17. Rh1 Qf7 18. Qa4 Nb8 19. f3 g5 20. Nf2 Qg6 21. Qd1 Rf7 22. bxc5
dxc5 23. Nb5 Ne8 24. a4 a6 25. Nc3 a5 26. Nb5 Nd7 27. Bc3 Ba6 28. Qb3 Bf6 29.
Rad1 Bxb5 30. Qxb5 Nd6 31. Qb2 Re8 32. Kg1 Rh7 33. Kf1 g4 34. fxg4 hxg4 35.
Nxg4 Nxe4 36. Be1 Bh4 37. Bd3 Bg5 38. Qb1 Ng3+ 39. Bxg3 e4 40. Bf2 exd3 41.
Qxd3 Qxd3+ 42. Rxd3 Re4 43. Rc3 Be7 44. Bg1 Bh4 45. Bf2 Be7 46. Bg1 Bf6 47. Rc2
Bh4 48. Bf2 Bg3 49. h4 Rhe7 50. Rc1 Kh7 51. Rh3 Rg7 52. Nh2 Bxh2 53. Rxh2 Ne5
54. Rh3 Nxc4 55. Rc2 Rd7 56. Rd3 Ne5 57. Rb3 Rxd5 58. Re2 Rb4 59. Rxb4 axb4 60.
Be1 Nc4 61. Re4 b3 0-1

[Event "Tradewise Gibraltar Masters 14th"]
[Site "Gibraltar"]
[Date "2016.01.30"]
[Round "5.81"]
[White "Barrenechea Bahamonde, Gustavo"]
[Black "Lei, Tingjie"]
[Result "0-1"]
[WhiteElo "2116"]
[BlackElo "2474"]
[PlyCount "72"]
[EventDate "2016.01.26"]
[EventType "swiss"]
[EventRounds "10"]
[EventCountry "GGB"]
[Source "www.saund.co.uk"]
[SourceDate "2005.02.07"]

1. e4 e5 2. Nf3 Nc6 3. d4 exd4 4. c3 Nf6 5. e5 Nd5 6. Qb3 Nb6 7. cxd4 d6 8. Bb5
Be6 9. Qc2 Bd5 10. Qe2 dxe5 11. O-O e4 12. Nc3 Be7 13. Nxe4 O-O 14. a3 Re8 15.
Bd3 f5 16. Nc3 Bd6 17. Qd1 Bxf3 18. Qxf3 Qh4 19. h3 Nxd4 20. Qd1 Rad8 21. Be3
Be5 22. Bxd4 Qxd4 23. Qb3+ Kh8 24. Rad1 Qf4 25. g3 Qg5 26. h4 Qf6 27. Qc2 g6
28. h5 Kg7 29. Rfe1 c6 30. Kg2 Bxc3 31. Rxe8 Rxe8 32. bxc3 f4 33. hxg6 fxg3 34.
gxh7 Nd5 35. Kxg3 Qg5+ 36. Kh2 Re6 0-1

[Event "Tradewise Gibraltar Masters 14th"]
[Site "Gibraltar"]
[Date "2016.01.30"]
[Round "5.82"]
[White "Tscharotschkin, Michael"]
[Black "Nagy, Gabor"]
[Result "0-1"]
[WhiteElo "2169"]
[BlackElo "2413"]
[PlyCount "70"]
[EventDate "2016.01.26"]
[EventType "swiss"]
[EventRounds "10"]
[EventCountry "GGB"]
[Source "www.saund.co.uk"]
[SourceDate "2005.02.07"]

1. d4 Nf6 2. Nf3 g6 3. Bf4 Bg7 4. e3 O-O 5. h3 c5 6. c3 d5 7. Nbd2 Nc6 8. Ne5
Nd7 9. Nxd7 Qxd7 10. Bb5 a6 11. Bxc6 Qxc6 12. O-O a5 13. Nf3 b6 14. Qd2 Bb7 15.
Ne5 Qe8 16. f3 f6 17. Ng4 h5 18. Nf2 e5 19. Bh2 Qe6 20. Nd3 Rac8 21. Rfe1 Rfe8
22. f4 cxd4 23. cxd4 exd4 24. exd4 Qf5 25. Rxe8+ Rxe8 26. Nf2 Qe6 27. g4 Qe2
28. Rd1 Ba6 29. b4 a4 30. f5 Qxd2 31. Rxd2 gxf5 32. gxf5 Bh6 33. Rb2 Re1+ 34.
Kg2 Bf1+ 35. Kh1 a3 0-1